Stations du RER C - Statistiques

Statistiques générales
  • Ce quiz a été pris 1 009 fois
    158 depuis la dernière actualisation
  • Le résultat moyen est 34 sur 75
Statistiques - réponses
Zone Département Terminus/RER Station % Correct
1 75 RER B Saint-Michel
84%
4 91 Terminus Juvisy
73%
1 75 Terminus Invalides
72%
5 95 Terminus Pontoise
70%
5 91 Terminus Dourdan
69%
1 75 Terminus Gare d'Austerlitz
69%
1 75 - Musée d'Orsay
66%
4 91 Terminus/RER B Massy-Palaiseau
65%
5 91 Terminus Saint-Martin-d'Etampes
62%
1 75 Terminus Bibliothèque François-Mitterrand
61%
1 75 - Pont de l'Alma
61%
2 94 - Ivry-sur-Seine
60%
4 78 Terminus Versailles-Chantiers
60%
1 75 - Champ de Mars
58%
1 75 - Javel
58%
5 91 Terminus Brétigny
57%
5 91 Terminus Etampes
57%
5 78 Terminus Saint-Quentin-en-Yvelines
57%
4 78 Terminus Versailles-Château-Rive-Gauche
57%
3 94 - Vitry-sur-Seine
57%
3 94 - Choisy-le-Roi
56%
3 94 - Les Ardoines
56%
2 92 - Issy
55%
5 91 Terminus Dourdan-La Forêt
53%
2 93 - Saint-Ouen
53%
4 91 - Savigny-sur-Orge
49%
5 91 - Sainte-Geneviève-des-Bois
47%
4 91 - Epinay-sur-Orge
46%
2 92 - Issy Val de Seine
46%
5 91 - Saint-Michel-sur-Orge
46%
5 91 - Arpajon
45%
4 91 RER B Massy-Verrières
45%
1 75 Terminus Pont du Garigliano
45%
4 91 - Athis-Mons
44%
3 93 - Epinay-sur-Seine
44%
4 95 - Ermont-Eaubonne
44%
1 75 - Avenue Henri-Martin
43%
4 95 Terminus Montigny-Beauchamp
43%
1 75 Terminus Porte de Clichy
43%
4 94 - Ablon
42%
3 92 - Les Grésillons
42%
5 95 - Saint-Ouen-l'Aumône
42%
5 95 - Saint-Ouen-l'Aumône-Liesse
42%
1 75 - Avenue Foch
41%
3 78 Terminus Chaville-Vélizy
41%
3 92 - Gennevilliers
40%
4 94 - Orly-Ville
39%
4 94 - Villeneuve-le-Roi
39%
1 75 - Boulainvilliers
38%
3 78 - Viroflay-Rive-Gauche
38%
4 94 Terminus Pont de Rungis-Aéroport d'Orly
37%
1 75 - Avenue du Président Kennedy
36%
1 75 - Neuilly-Porte Maillot
36%
4 78 - Porchefontaine
36%
5 91 - Lardy
35%
4 94 - Rungis-La Fraternelle
35%
5 78 - Saint-Cyr
35%
4 94 - Les Saules
34%
3 92 - Meudon-Val-Fleury
34%
4 95 - Franconville-Le Plessis-Bouchard
33%
4 95 - Cernay
32%
5 91 - Egly
32%
5 95 - Pierrelaye
32%
4 95 - Saint-Gratien
32%
5 91 - Breuillet
31%
5 91 - Marolles-en-Hurepoix
31%
5 91 - Chamarande
30%
4 92 - Chemin d'Antony
30%
5 91 - Etréchy
30%
5 91 - La Norville
30%
5 91 - Bouray
29%
1 75 - Péreire-Levallois
29%
5 91 - Sermaise
29%
5 91 - Saint-Chéron
25%
5 91 - Breuillet-Village
22%
Aucun quiz correspondant
Distribution des résultats
% des personnes avec chaque résultat
Percentile par nombre de réponses
Votre historique - résultats
Vous n’avez pas pris ce quiz depuis la dernière actualisation